LDR 01100naa#a2200181#i#450# 001 RU\\bibl\106129 005 20260607051114.7 011 ## _a2071-7318 100 ## _a20260409b2026####ek#y0rusy0150####ca 102 ## _aRU 200 1# _aСТРОИТЕЛЬНАЯ КЕРАМИКА, АРМИРОВАННАЯ СТЕКЛОВОЛОКНОМ ИЗ ОТХОДОВ УТИЛИЗАЦИИ МИНЕРАЛОВАТНЫХ ПЛИТ _eЖурнальная статья 210 1# _aБелгород _cБелгородский государственный технологический университет им. В.Г. Шухова _d2026 215 ## _a8 с. 608 ## _aЖурнальная статья _2local 675 ## _aГрунтоматериалы. Глины. Строительная керамика. 691.4 _aСтроительство. Строительные материалы. Строительно-монтажные работы. 69 _aСтроительные материалы и изделия. 691 _z 700 #1 _aУшницкая _gН. Н. 700 #1 _aМестников _gА. Е. 856 4# _abulletinbstu.editorum.ru _u